[Event "AUTO-MASTER-3270"]
[Site "http://www.queenalice.com/game.php?id=1859448"]
[Date "2025.7.5"]
[Round "1"]
[White "somchess"]
[Black "raulzampronha"]
[Result "0-1"]
[WhiteElo "2114"]
[BlackElo "2197"]

1. d4 Nf6 2. c4 c5 3. Nf3 e6 4. Nc3 cxd4 5. Nxd4 a6 6. e4 d6 7. Be2 Be7 8. Be3
O-O 9. O-O Nc6 10. Rc1 Bd7 11. b3 Nxd4 12. Bxd4 Bc6 13. f3 Rb8 14. Ba7 Rc8 15.
Bd4 Qa5 16. Qd2 b5 17. Rfd1 b4 18. Nb1 Rfd8 19. Qe3 Nd7 0-1

[Event "AUTO-MASTER-3270"]
[Site "http://www.queenalice.com/game.php?id=1859449"]
[Date "2025.7.5"]
[Round "1"]
[White "raulzampronha"]
[Black "somchess"]
[Result "1-0"]
[WhiteElo "2233"]
[BlackElo "2075"]

1. e4 c5 2. Nf3 e6 3. d4 cxd4 4. Nxd4 Nf6 5. Nc3 d6 6. g4 h6 7. h4 a6 8. Rg1 d5
9. exd5 Nxd5 10. Nxd5 Qxd5 11. Be3 Bc5 12. Bg2 Qc4 13. Qd2 e5 14. Nf5 Bxe3 15.
Nxe3 Qf4 16. O-O-O Nd7 17. Bxb7 O-O 18. Bxa8 Nb6 19. Bc6 Be6 20. Nd5 Nxd5 21.
Bxd5 Qa4 22. Bxe6 fxe6 23. Kb1 e4 24. g5 h5 25. Rg3 Qb5 26. Re3 a5 27. Rxe4 1-0

[Event "AUTO-MASTER-3270"]
[Site "http://www.queenalice.com/game.php?id=1859450"]
[Date "2025.7.5"]
[Round "1"]
[White "somchess"]
[Black "JailtonMaster"]
[Result "0-1"]
[WhiteElo "1995"]
[BlackElo "2207"]

1. d4 d5 2. c4 c6 3. cxd5 cxd5 4. Nf3 Nf6 5. Nc3 e6 6. Bf4 Be7 7. e3 Qb6 8. a3
Nc6 9. Bd3 O-O 10. O-O Nh5 11. Be5 Nxe5 12. Nxe5 Nf6 13. Ng4 Nxg4 14. Qxg4 Qxb2
15. Ne2 Qb6 16. Rfb1 Qc7 17. Rc1 Qd6 18. Qh5 g6 19. Qh6 a6 20. Nf4 Bf6 21. Nh5
Bh8 22. Rc5 f5 23. Nf4 Bg7 24. Qh4 b6 25. Rc2 Bb7 26. Rac1 e5 27. dxe5 Qxe5 28.
Rc7 Rac8 29. Rxc8 Bxc8 30. Nxd5 Bb7 31. Nf4 Qb2 32. Bc4+ Rf7 0-1

[Event "AUTO-MASTER-3270"]
[Site "http://www.queenalice.com/game.php?id=1859451"]
[Date "2025.7.5"]
[Round "1"]
[White "JailtonMaster"]
[Black "somchess"]
[Result "0-1"]
[WhiteElo "2199"]
[BlackElo "2053"]

1. e4 c5 2. Nf3 Nc6 3. d4 cxd4 4. Nxd4 e5 5. Nb5 d6 6. N1c3 a6 7. Na3 Nf6 8. Bg5
Be7 9. Be2 b5 10. Bxf6 Bxf6 11. Nd5 O-O 12. c3 g6 13. O-O Bg7 14. Nc2 Ne7 15.
Nce3 Bb7 16. f4 exf4 17. Rxf4 Nxd5 18. Nxd5 Qg5 19. h4 Qe5 20. Rf3 Qxe4 21. Nf4
Qe5 22. Rf2 Bh6 23. Nd3 Qg3 24. Bf3 Bxf3 25. Qxf3 Qxh4 26. Raf1 Rae8 27. Re2
Rxe2 28. Qxe2 Qc4 29. a3 d5 30. Qf3 Qe4 31. Qxe4 dxe4 32. Nc5 Be3+ 33. Kh2 Bxc5
0-1

[Event "AUTO-OPEN-4602"]
[Site "http://www.queenalice.com/game.php?id=1859629"]
[Date "2025.7.8"]
[Round "1"]
[White "somchess"]
[Black "andrevillares"]
[Result "0-1"]
[WhiteElo "2125"]
[BlackElo "2159"]

1. d4 Nf6 2. c4 e6 3. Nc3 d5 4. Nf3 Be7 5. Bf4 O-O 6. e3 b6 7. cxd5 exd5 8. Bd3
Bb7 9. Rc1 Nbd7 10. O-O c5 11. h3 Rc8 12. Nb5 a6 13. Nd6 Bxd6 14. Bxd6 Re8 15.
dxc5 bxc5 16. b3 Re6 17. Bg3 Nf8 18. Bf5 Re7 0-1

[Event "AUTO-OPEN-4602"]
[Site "http://www.queenalice.com/game.php?id=1859630"]
[Date "2025.7.8"]
[Round "1"]
[White "andrevillares"]
[Black "somchess"]
[Result "1-0"]
[WhiteElo "2147"]
[BlackElo "2137"]

1. d4 e6 2. e4 d5 3. Nc3 Nf6 4. Bg5 Be7 5. e5 Nfd7 6. Bxe7 Qxe7 7. Nf3 a6 8. Bd3
c5 9. Ne2 Nc6 10. O-O cxd4 11. Nexd4 Ncxe5 12. Re1 Qf6 13. Qe2 Nxf3+ 14. Nxf3
Qxb2 15. h3 O-O 16. Reb1 Qf6 17. Re1 b5 18. a4 1-0

[Event "AUTO-OPEN-4602"]
[Site "http://www.queenalice.com/game.php?id=1859633"]
[Date "2025.7.8"]
[Round "1"]
[White "somchess"]
[Black "zubarev"]
[Result "1-0"]
[WhiteElo "2144"]
[BlackElo "1634"]

1. c4 e5 2. Nc3 Nf6 3. g3 Nc6 4. Bg2 d6 5. Nf3 Be6 6. d3 h6 7. O-O Be7 8. Rb1
O-O 9. b4 Nh7 10. a4 f5 11. b5 1-0

[Event "AUTO-OPEN-4602"]
[Site "http://www.queenalice.com/game.php?id=1859634"]
[Date "2025.7.8"]
[Round "1"]
[White "zubarev"]
[Black "somchess"]
[Result "0-1"]
[WhiteElo "1636"]
[BlackElo "2143"]

1. d4 d5 2. Nc3 Nf6 3. Nf3 g6 4. e3 Bg7 5. Bd3 O-O 6. O-O c6 7. Ne5 Nbd7 8. f4
c5 9. Qf3 cxd4 10. exd4 Qb6 11. Qe3 Nxe5 0-1

[Event "AUTO-MASTER-3271"]
[Site "http://www.queenalice.com/game.php?id=1859771"]
[Date "2025.7.10"]
[Round "1"]
[White "raulzampronha"]
[Black "somchess"]
[Result "1-0"]
[WhiteElo "2247"]
[BlackElo "2056"]

1. e4 c5 2. Nf3 Nc6 3. d4 cxd4 4. Nxd4 e5 5. Nb5 d6 6. N1c3 a6 7. Na3 Nf6 8. Bg5
Be7 9. Nc4 Nd4 10. Ne3 Be6 11. Bxf6 Bxf6 12. Ncd5 O-O 13. Bd3 Bg5 14. O-O Rc8
15. c3 Nc6 16. Qe2 Ne7 17. Nxe7+ Qxe7 18. Rfd1 Bxe3 19. Qxe3 f5 20. exf5 Bxf5
21. Bxf5 Rxf5 22. Rd2 Rf6 23. Rad1 Rc6 24. h3 1-0

[Event "AUTO-MASTER-3271"]
[Site "http://www.queenalice.com/game.php?id=1859772"]
[Date "2025.7.10"]
[Round "1"]
[White "somchess"]
[Black "raulzampronha"]
[Result "0-1"]
[WhiteElo "2065"]
[BlackElo "2240"]

1. d4 d5 2. c4 c6 3. cxd5 cxd5 4. Nf3 Nc6 5. Nc3 Nf6 6. Bf4 Bf5 7. e3 e6 8. Qb3
Bb4 9. Bb5 O-O 10. O-O Bxc3 11. bxc3 Na5 12. Qb4 Ne4 13. Rfc1 Rc8 14. h3 Qb6 15.
Bd7 Rxc3 16. Qxb6 axb6 17. Bc7 Nc4 18. Nh4 Rxc1+ 19. Rxc1 Bg6 20. f3 Nf6 21.
Nxg6 hxg6 22. Bb5 Rc8 23. Bg3 Nd6 24. Rxc8+ Nxc8 25. a4 Kf8 26. Kf1 Ke7 0-1

[Event "AUTO-MASTER-3271"]
[Site "http://www.queenalice.com/game.php?id=1859777"]
[Date "2025.7.10"]
[Round "1"]
[White "JailtonMaster"]
[Black "somchess"]
[Result "1-0"]
[WhiteElo "2201"]
[BlackElo "2003"]

1. e4 c5 2. Nf3 d6 3. d4 cxd4 4. Nxd4 Nf6 5. Nc3 a6 6. Bg5 e6 7. f4 Qb6 8. Qd2
Qxb2 9. Rb1 Qa3 10. f5 Be7 11. fxe6 fxe6 12. Be2 Qc5 13. Na4 Nxe4 14. Nxc5 Nxd2
15. Bxd2 dxc5 16. Nf3 O-O 17. O-O Nc6 18. Bc4 b5 19. Bd3 Bb7 20. Rbe1 c4 21. Be4
Rad8 22. Be3 Ba8 23. c3 Bf6 24. Bd2 Ne5 25. Bxa8 Nxf3+ 26. Bxf3 Rxd2 27. Rxe6
Bxc3 28. Rxa6 h5 29. h3 h4 30. Rb1 b4 31. Rc6 1-0

[Event "AUTO-MASTER-3271"]
[Site "http://www.queenalice.com/game.php?id=1859778"]
[Date "2025.7.10"]
[Round "1"]
[White "somchess"]
[Black "JailtonMaster"]
[Result "0-1"]
[WhiteElo "2012"]
[BlackElo "2194"]

1. d4 d5 2. c4 c6 3. cxd5 cxd5 4. Nf3 Nf6 5. Nc3 e6 6. Bf4 Nc6 7. e3 Bd6 8. Bxd6
Qxd6 9. Bd3 O-O 10. O-O a6 11. Rc1 e5 12. dxe5 Nxe5 13. Nxe5 Qxe5 14. h3 Be6 15.
Qd2 Rac8 16. Ne2 Ne4 17. Bxe4 dxe4 18. a3 f5 19. Nf4 Bf7 20. Qb4 g5 21. Ne2 b5
22. Nd4 Bc4 23. b3 Bxf1 24. Rxf1 f4 25. Qd2 fxe3 26. Qxe3 Rfd8 27. Ne2 Rd3 28.
Qb6 e3 29. f4 gxf4 30. Qb7 Rf8 31. Qf3 Rxb3 32. Qg4+ Kh8 0-1

[Event "AUTO-MASTER-3272"]
[Site "http://www.queenalice.com/game.php?id=1860075"]
[Date "2025.7.18"]
[Round "1"]
[White "chessman"]
[Black "somchess"]
[Result "1-0"]
[WhiteElo "2036"]
[BlackElo "2085"]

1. e4 c5 2. Nf3 d6 3. Bb5+ Bd7 4. Bxd7+ Qxd7 5. O-O Nc6 6. d4 cxd4 7. Nxd4 Nf6
8. Nc3 e6 9. Be3 Be7 10. h3 O-O 11. a3 Rac8 12. f3 a6 13. Qd2 Ne5 14. Qe2 Nc4
15. b3 Nxa3 16. Qd3 Qc7 17. Rxa3 Qxc3 18. Qxc3 Rxc3 19. Bd2 Rc7 20. c4 1-0

[Event "AUTO-MASTER-3272"]
[Site "http://www.queenalice.com/game.php?id=1860076"]
[Date "2025.7.18"]
[Round "1"]
[White "somchess"]
[Black "chessman"]
[Result "0-1"]
[WhiteElo "2104"]
[BlackElo "2017"]

1. d4 d5 2. c4 c6 3. cxd5 cxd5 4. Nc3 e6 5. Nf3 Nc6 6. Bf4 Nf6 7. e3 Be7 8. Bd3
O-O 9. O-O a6 10. Rc1 Re8 11. Ne5 h6 12. h3 Nxe5 13. Bxe5 Qd7 14. Na4 Qd8 15.
Qb3 b5 16. Nc5 Bd7 17. Nxd7 Qxd7 18. Rc7 Qd8 19. Rfc1 Nd7 0-1

[Event "AUTO-MASTER-3272"]
[Site "http://www.queenalice.com/game.php?id=1860093"]
[Date "2025.7.18"]
[Round "1"]
[White "somchess"]
[Black "cerenzo72"]
[Result "0-1"]
[WhiteElo "2024"]
[BlackElo "2125"]

1. d4 Nf6 2. c4 d6 3. Nf3 g6 4. Nc3 Bg7 5. e4 O-O 6. Be2 b6 7. O-O Bb7 8. Bd3
Nbd7 9. Bg5 h6 10. Bd2 e5 11. d5 Rc8 12. b4 a6 13. a4 c6 14. b5 cxd5 15. exd5 e4
16. Bxe4 Nxe4 17. Nxe4 Bxa1 18. Qxa1 Kh7 19. Nxd6 Rc7 20. Nxb7 Rxb7 21. bxa6 Ra7
22. a5 Rxa6 23. Qd4 bxa5 24. Qe3 g5 25. c5 Re8 26. Qd3+ Rg6 27. h4 Nxc5 28. Qc2
g4 0-1

[Event "AUTO-MASTER-3272"]
[Site "http://www.queenalice.com/game.php?id=1860094"]
[Date "2025.7.18"]
[Round "1"]
[White "cerenzo72"]
[Black "somchess"]
[Result "1-0"]
[WhiteElo "2128"]
[BlackElo "2067"]

1. e4 c5 2. Nf3 e6 3. Nc3 Nc6 4. g3 Nge7 5. d4 cxd4 6. Nxd4 Nxd4 7. Qxd4 Nc6 8.
Qd1 Be7 9. Bg2 O-O 10. O-O d6 11. b3 a6 12. Bb2 b5 13. Ne2 Bb7 14. Nf4 Rc8 15.
Qg4 Bf6 16. Bxf6 Qxf6 17. Nd3 Ne5 18. Nxe5 Qxe5 19. Rac1 Rc3 20. Rfe1 1-0

[Event "AUTO-MASTER-3272"]
[Site "http://www.queenalice.com/game.php?id=1860095"]
[Date "2025.7.18"]
[Round "1"]
[White "somchess"]
[Black "Jsc"]
[Result "1-0"]
[WhiteElo "2145"]
[BlackElo "1780"]

1. d4 d5 2. c4 dxc4 3. e3 e5 4. Bxc4 exd4 5. exd4 Nf6 6. Nf3 Bd6 7. O-O O-O 8.
Nc3 Nbd7 9. Re1 Nb6 10. Bb3 c6 11. Bg5 h6 12. Bxf6 1-0

[Event "AUTO-MASTER-3272"]
[Site "http://www.queenalice.com/game.php?id=1860096"]
[Date "2025.7.18"]
[Round "1"]
[White "Jsc"]
[Black "somchess"]
[Result "0-1"]
[WhiteElo "1778"]
[BlackElo "2146"]

1. e4 c5 2. c3 d5 3. exd5 Qxd5 4. Nf3 Bg4 5. Be2 Nf6 6. Na3 a6 7. Nc2 Bh5 8. d4
cxd4 9. Ncxd4 e6 10. O-O Bc5 11. h3 O-O 12. Be3 Nbd7 0-1